000 00192 a2200097 4500
020 _a9780884199984
041 _aspa
100 _aBeth Moore
245 _aUna parabola sobre el Rey
942 _cK
999 _c26108
_d26108